000 00312nam a22001217a 4500
008 131218b xxu||||| |||| 00| 0 eng d
050 _aSPC PR9369.3.S8O5
100 _aStein, Sylvester
_95898
245 _aOld Letch
260 _aLondon
_bFaber & Faber
_c1959
300 _a254p.
_c19cm
942 _2lcc
_cMONOGRAPH
999 _c119334
_d119334